000 01162nam a22003257a 4500
003 CHAP
005 20220329135832.0
008 971013s1982 r 00010 d
010 _a43022
011 _a43994
035 _a48132
040 _cCHAP
082 _a338.763
_bM43
110 _aMéxico. Dirección General para el Desarrollo Agroindustrial
_977057
245 _aManual de servicios técnicos
260 _aMéxico, D.F. :
_bLa Dirección,
_c1982
300 _a76 p.
_b: ilus
490 _aDocumentos técnicos para el desarrollo agroindustriaL
_v; 14
590 _aBATCH-UPD
_b10
_c20130110
_lUCH01
_h1258
590 _aBATCH-UPD
_b10
_c20130410
_lUCH01
_h0817
590 _aBATCH-UPD
_b10
_c20130914
_lUCH01
_h1636
590 _aCONVERSION
_b10
_c20130109
_lUCH01
_h1324
650 1 4 _aIndustrias agrícolas.
_957925
650 1 4 _aProyectos industriales.
_992531
830 0 _aDocumentos técnicos para el desarrollo agroindustriaL
_v; 14
_933294
901 _aBK
942 _cLIBRO
949 _a338.763 M43
_bBC
_cLIBRO
_d33724000419891
_eLIBRO
_h59217
_i48132
_mD
_si
949 _a338.763 M43
_bBC
_cLIBRO
_d33724000419909
_eLIBRO
_fc.2
_h59218
_i48132
_mD
_si
999 _c43022
_d43022